Statistiken für Größte Städte an den 10 größten deutschen Flüssen

Klicken Sie hier um das Quiz zu spielen!

Allgemein

  • Dieses Quiz wurde 602 mal gespielt
  • Das Durchschnittsergebnis liegt bei 18 aus 30

Antwortstatistiken

EinwohnerRhein% Korrekt
1,073,096Köln
99%
619,477Düsseldorf
92%
1,853,935Hamburg
92%
563,290Bremen
88%
759,224Frankfurt am Main
86%
3,677,472Berlin
85%
3,677,472Berlin
78%
555,351Dresden
78%
238,061Halle (Saale)
76%
626,275Stuttgart
76%
113,173Bremerhaven
68%
236,188Magdeburg
66%
495,152Duisburg
65%
311,831Mannheim
64%
183,154Potsdam
62%
153,542Regensburg
62%
159,245Heidelberg
55%
126,949Ulm
53%
131,295Offenbach am Main
52%
138,016Ingolstadt
46%
126,933Würzburg
46%
72,461Brandenburg an der Havel
44%
98,359Cottbus
42%
110,502Jena
41%
50,195Emden
39%
55,599Lingen (Ems)
26%
81,857Minden
24%
76,948Rheine
20%
45,930Hof (Saale)
15%
40,798Bautzen
11%

Verteilung der Resultate

Perzentil nach korrekt beantworteten Fragen

Anzahl Personen mit jedem Resultat

Ihre Resultats-Entwicklung

Sie haben dieses Quiz noch nicht gespielt